00371nam a2200121 a 4500008004100000050001600041100002800057245008600085260003900171300001000210350000900220700002000229120416s1976 ||||||||||||||||| || u aBL 2400 Rel aVan Binsbergen, W. W. J10aReligious innovation in modern African societycedited by W. W. J. Van Binsbergen aLeidenbAfrika-Studiecentrumc1976 a148p. a0.00 aBuijtenhuijs, R